000 01004nam a22002535i 4500
001 162765
003 ES-MaACL
005 20230906212611.0
008 990217s1873 fr |||| | fre d
040 _aCCPB | B
_bspa
_cCCPB | B
080 _a929 Juan(460.18) II
080 _a821.134.2.09"14"
100 1 _aPuymaigre, Théodore Boudet
_cComte.
_9147926
245 1 3 _aLa cour littéraire de Don Juan II
_b: roi de Castille /
_cpar Puymaigre.
260 _aParis :
_bLibrairie A. Franck, F.Viewg, Propriétaire,
_c1873 (
_eNogent-le-Rotrou :
_fImprimerie de A. Gouverneur)
300 _a2 v. ([4] , 234 ; [4], 223, [1] p.) ;
_c18 cm.
490 1 _aLes vieux auteurs castillans
504 _aBibliografía: v. 1, p. [5]-9. Índices.
600 0 4 _aJuan
_bII
_cRey de Castilla.
_967123
650 4 _aLiteratura española-
_yHasta S.XV-
_xHistoria y crítica.
_9147212
830 0 _aLes vieux auteurs castillans
_9222221
852 _aES-MaACL
_jG-15310-11
_z-- Enc. hol.
999 _c162765
_d162765